000 01521nam0a2200337 4500
001 RU\NLR\b_ik\161475
005 20250616230245.0
035 _a(NLR Aleph) 002234326
090 _a3470735
_c3470735
100 _a20070905d2007 |||y0rusy50 ca
101 0 _aeng
_drus
102 _aRU
105 _aa |||||||||
200 1 _aHigh precision study of muon catalyzed fusion in D2 and HD gases
_fD.V. Balin, V.A. Ganja, S.M. Kozlov [et al.]
210 _aGatchina
_cПИЯФ
_d2007
215 _a87, [1] с.
_cил.
_d20
225 1 _aPreprint
_fRuss. acad. of sciences, Petersburg nuclear physics inst.
_v2729. ПИЯФ-2007
300 _aНа обороте тит. л.: Прецизионное исследование мюонного катализа ядерного синтеза в D2 и HD газах / Д.В. Балин [и др.]
300 _aНа обл. надзаг на рус. яз.
300 _aРез. на рус. яз.
320 _aБиблиогр. в конце кн. (58 назв.)
517 0 _aПрецизионное исследование мюонного катализа ядерного синтеза в D2 и HD газах
606 1 _aУправляемый термоядерный синтез
_xМюонный катализ
_92091321
_3RU\NLR\AUTH\661265775
686 1 _aГ555.2
701 1 _aBalin
_bD. V.
_4070
701 1 _aGanža
_bV. A.
_4070
701 1 _aKozlov
_bS. M.
_4070
801 0 _aRU
_bNLR
_c20070905
_gRCR
942 _cBOOK
980 _aNB